[Event "ESP-chT CECLUB Div2"]
[Site "Linares"]
[Date "2023.08.14"]
[Round "2.25"]
[White "Poblet Bulnes, Oscar"]
[Black "Follana Albelda, Lucia"]
[Result "0-1"]
[WhiteElo "1634"]
[BlackElo "1887"]
[PlyCount "92"]
[EventDate "2023.08.13"]
[EventType "team-swiss"]
[EventRounds "7"]
[EventCountry "ESP"]
[SourceTitle "EXT 2024"]
[Source "ChessBase"]
[SourceDate "2023.10.10"]
[SourceVersion "1"]
[SourceVersionDate "2023.10.10"]
[SourceQuality "1"]
[WhiteTeam "Ciudad Naranco"]
[BlackTeam "Manises Eva"]
[WhiteTeamCountry "ESP"]
[BlackTeamCountry "ESP"]

1. e4 c5 2. Nc3 a6 3. g3 b5 4. Bg2 Bb7 5. d3 e6 6. f4 Nf6 7. Nf3 b4 8. Ne2 d5 9. e5 Nfd7 10. 0-0 Nc6 11. c3 bxc3 12. bxc3 Be7 13. d4 0-0 14. Be3 Nb6 15. Bf2 Nc4 16. Bh3 cxd4 17. cxd4 Bc8 18. Nd2 N6a5 19. Nxc4 Nxc4 20. Qd3 Bd7 21. a4 Rb8 22. f5 exf5 23. Bxf5 Nb2 24. Qf3 Bxa4 25. Rfb1 g6 26. Bd3 Nxd3 27. Qxd3 Bb5 28. Qf3 Qd7 29. Nf4 Bc4 30. h4 Qf5 31. Re1 Rb3 32. Qg2 Qd7 33. Re3 Rfb8 34. e6 fxe6 35. Rxe6 Bd6 36. Rae1 Rb1 37. Kh2 Rxe1 38. Rxe1 Bc7 39. h5 Rb6 40. hxg6 hxg6 41. Qf3 Rf6 42. Qe3 g5 43. Nd3 Bxd3 44. Qxd3 Rxf2+ 45. Kg1 Rf6 46. Qe3 Qf5 0-1

[Event "ESP-ch U18"]
[Site "Salobrena"]
[Date "2019.07.27"]
[Round "9"]
[White "Sempere Domenech, Abel"]
[Black "Poblet Bulnes, Oscar"]
[Result "0-1"]
[WhiteElo "1979"]
[BlackElo "1722"]
[PlyCount "66"]
[EventDate "2019.07.22"]
[EventType "swiss"]
[EventRounds "9"]
[EventCountry "ESP"]
[SourceTitle "CBM 191 Extra"]
[Source "ChessBase"]
[SourceDate "2019.09.30"]
[SourceVersion "1"]
[SourceVersionDate "2019.09.30"]
[SourceQuality "1"]

1. d4 g6 2. c4 Bg7 3. Nc3 Nf6 4. e4 d6 5. Be2 0-0 6. Nf3 e5 7. d5 a5 8. Bg5 h6 9. Bh4 Na6 10. Nd2 Bd7 11. 0-0 g5 12. Bg3 Nh7 13. Bg4 Nc5 14. Bxd7 Qxd7 15. f3 Nd3 16. Qc2 Nf4 17. Bf2 g4 18. c5 Ng5 19. Be3 Kh8 20. cxd6 cxd6 21. Nc4 gxf3 22. gxf3 Ngh3+ 23. Kh1 Qe7 24. Bxf4 exf4 25. Nb5 Be5 26. Qg2 Qh4 27. Ncxd6 Bxd6 28. Nxd6 Rg8 29. Nxf7+ Kh7 30. Qc2 Rac8 31. Qd3 Rg1+ 32. Rxg1 Nf2+ 33. Kg2 Nxd3 0-1